Will Smith Movies - Statistics

General Stats
  • This quiz has been taken 205 times
    106 since last reset
  • The average score is 17 of 81
Answer Stats
Year Movies % Correct
1997 Men In Black
86%
2012 Men In Black 3
83%
2002 Men In Black II
83%
1995 Bad Boys
79%
2024 Bad Boys 4
79%
2020 Bad Boys For Life
79%
2003 Bad Boys II
79%
1996 Independence Day
72%
2004 I, Robot
66%
2007 I Am Legend
64%
2006 The Pursuit of Happiness
62%
2005 Hitch
59%
1999 Wild Wild West
52%
2021 King Richard
50%
2001 Ali
47%
2016 Suicide Squad
47%
2008 Hancock
45%
2004 Shark Tale
45%
TBD Hancock 2
43%
2008 Seven Pounds
43%
2013 After Earth
41%
2015 Focus
38%
2019 Gemini Man
34%
2019 Aladdin
33%
2015 Concussion
28%
2000 The Legend of Bagger Vance
28%
1998 Enemy of The State
26%
2019 Spies in Disguise
22%
2017 Bright
21%
TBD Bright 2
21%
1993 Six Degrees of Separation
21%
2016 Collateral Beauty
16%
1993 Made In America
16%
2010 The Karate Kid
16%
2024 The Karate Kid 2
16%
2013 Anchorman 2: The Legend Continues
14%
2022 Emancipation
14%
2014 Winter's Tale
10%
TBD I Am Legend 2
7%
1992 Where The Day Takes You
7%
2014 Annie
5%
2004 Jersey Girl
5%
2008 Lakeview Terrace
5%
2012 This Means War
5%
2006 ATL
3%
2020 Life in a Year
3%
TBD Planes, Trains and Automobiles
3%
2004 Saving Face
3%
2008 The Secret Life of Bees
3%
TBD Fast and Loose
2%
1998 Ride
2%
2002 Showtime
2%
2019 Student of The Year 2
2%
TBD The Council
2%
2008 The Human Contract
2%
2004 The Seat Filler
2%
1998 Welcome to Hollywood
2%
TBD Alchemist
0%
1999 Austin Powers: The Spy Who Shagged Me
0%
TBD Bounce
0%
2020 Charm City Kings
0%
TBD Da Understudy
0%
2018 Gringo
0%
2007 I Could Never be Your Woman
0%
2001 Jimmy Neutron: Boy Genius
0%
2003 Malibu's Most Wanted
0%
2014 Murder101
0%
TBD Onyeka and the Academy of the Sun
0%
2008 Ramadan Mabrouk Abdul-Alamein Hamouda
0%
2020 Safety
0%
1992 Saved by the Bell: Hawaiian Style
0%
2018 Sprinter
0%
1995 Strange Days
0%
2003 Stuck on You
0%
2009 Stuntmen
0%
1999 Superstar
0%
2004 The Cookout
0%
1998 The Parent Trap
0%
2008 The Wackness
0%
TBD Untitled Solvan Naim Project
0%
TBD Uptown Saturday Night
0%
No matching quizzes found
Score Distribution
Percent of People with Each Score
Percentile by Number Answered
Your Score History
You have not taken this quiz since the last reset